Derechos transables de desarrollo: una alternativa para la regulación del uso del suelo urbano en Chile
Uloženo v:
| Hlavní autor: | |
|---|---|
| Korporativní autor: | |
| Médium: | Kniha |
| Jazyk: | španělština |
| Vydáno: |
Santiago
ILADES
1994
|
| Edice: | Investigación, ILADES, I-83
|
| Témata: | |
| Tagy: |
Přidat tag
Žádné tagy, Buďte první, kdo vytvoří štítek k tomuto záznamu!
|
MARC
| LEADER | 00000nam a2200000 a 4500 | ||
|---|---|---|---|
| 001 | UCR8688 | ||
| 003 | CL-VaPUC | ||
| 008 | 980529e19941200CL |||||||||||||||||spa|d | ||
| 082 | 0 | 4 | |a 330.711 |b MOR |2 21 |
| 100 | |a Moraga B., Enrique |e autor |9 410760 | ||
| 110 | 2 | |a Programa de Postgrado en Economía ILADES-Georgetown University |e author |9 410761 | |
| 245 | 1 | 0 | |a Derechos transables de desarrollo: una alternativa para la regulación del uso del suelo urbano en Chile |
| 300 | |a 28 p | ||
| 942 | |c BK | ||
| 945 | |d 19980529 00:00:00 |a crobeson | ||
| 260 | |a Santiago |b ILADES |c 1994 | ||
| 650 | 7 | |a EDUCACION DE POSTGRADO |2 CL-VaPUC |9 310729 | |
| 650 | 0 | |a Economía |9 255568 | |
| 650 | 0 | |a Urbanización |9 265706 | |
| 650 | 7 | |a PLAN REGULADOR |2 CL-VaPUC |9 410762 | |
| 651 | 7 | |a CHILE |2 CL-VaPUC |9 410763 | |
| 583 | |a last modification |c 19980529 00:00:00 |k Rodrigo Vera | ||
| 490 | 0 | |a Investigación, ILADES, I-83 | |
| 999 | |c 270084 |d 270082 | ||